Scrivere la libertà : corpo, identità e potere in Goliarda Sapienza /
I tiakina i:
| Kaituhi matua: | |
|---|---|
| Hōputu: | Pukapuka |
| Reo: | Itāriana |
| I whakaputaina: |
Pisa :
ETS,
2021,
|
| Rangatū: | Àltera ;
10 |
| Ngā marau: | |
| Ngā Tūtohu: |
Kāore He Tūtohu, Me noho koe te mea tuatahi ki te tūtohu i tēnei pūkete!
|
MARC
| LEADER | 00000nam a2200000 i 4500 | ||
|---|---|---|---|
| 001 | IT\ICCU\UBO\4624377 | ||
| 003 | ItRI | ||
| 005 | 20260115232108.0 | ||
| 008 | 220609s2021 it |||||| ||||| |||||c | ||
| 015 | |2 IT |a 2022-8020 | ||
| 020 | |a 9788846762337 | ||
| 040 | |b ita |c importazione bologna sebina | ||
| 041 | 7 | |a ita |2 ISO-639-2 | |
| 082 | |a 853.914 |9 NARRATIVA ITALIANA, 1945-1999 |2 23 | ||
| 100 | 1 | |a Bazzoni, Alberica |0 IT\ICCU\VEAV\512641 |4 aut | |
| 240 | 1 | 0 | |a Writing for freedom |3 IT\ICCU\UBO\4624254 |9 Bazzoni, Alberica |
| 245 | 1 | 0 | |a Scrivere la libertà : |b corpo, identità e potere in Goliarda Sapienza / |c Alberica Bazzoni. |
| 260 | |a Pisa : |b ETS, |c 2021, |g (stampa 2022) | ||
| 300 | |a 302 p. ; |c 21 cm | ||
| 500 | |a Traduzione di A. Bazzoni | ||
| 650 | 7 | |a Sapienza, Goliarda | |
| 830 | 0 | |a Àltera ; |v 10 |0 IT\ICCU\CFI\0755998 | |
| 942 | |2 ddc |c BK |n 0 | ||
| 952 | |0 0 |1 0 |4 0 |6 DOC_853_914000000000000_BAZ |7 0 |9 19969 |a BO |b BO |d 2026-01-15 |i 19829 |l 0 |o DOC 853.914 BAZ |p BO19829 |r 2026-01-15 23:21:08 |w 2026-01-15 |x [Sebina 5] [1 v.] |y BK |z 1 v. | ||
| 999 | |c 17022 |d 17022 | ||